'The Giving Tree' Things Quiz Stats

 Plays Quiz Updated Feb 16, 2012

Challenge
Share
Tweet
Embed
Score 0/8 Timer 03:00
2 Plays Today
Gift Purpose % Correct
GiftApples
86.7%
GiftBranches
81.9%
GiftStump
75%
GiftTrunk
72.2%
PurposeTo Sit On
69.3%
PurposeTo Build a House
65.8%
PurposeTo Build a Boat
59.7%
PurposeTo Sell for Money
43.8%

You're not logged in!

Compare scores with friends on all Sporcle quizzes.
OR
Log In

You Might Also Like...

Show Comments

Extras

Top Quizzes Today


Score Distribution

Your Account Isn't Verified!

In order to create a playlist on Sporcle, you need to verify the email address you used during registration. Go to your Sporcle Settings to finish the process.

Report this User

Report this user for behavior that violates our Community Guidelines.

Details: